| 000 | 00686nam a2200229 i 4500 | ||
|---|---|---|---|
| 001 | 13490 | ||
| 003 | ES-MaACL | ||
| 005 | 20230906150607.0 | ||
| 007 | t| | ||
| 008 | 980422s1997 sp ||||1| spa d | ||
| 020 | _a84-87958-28-1 | ||
| 080 | _a821.134.2-14"19" | ||
| 100 | 1 |
_aAlvarez García, Lourdes. _920816 |
|
| 245 | 1 | 0 |
_aPoesía escoyida _b: (1985-1997) / _cLourdes Alvarez García. |
| 260 |
_aXixón : _bAtenéu Obreru de Xixón, _c1997. |
||
| 300 |
_a83 p. ; _c21 cm. |
||
| 490 | 1 |
_aTiempu de cristal ; _v2 |
|
| 710 | 2 |
_aAteneo Obrero de Gijón. _92052 |
|
| 830 | 0 |
_aTiempu de cristal ; _v2 _9228426 |
|
| 852 |
_aES-MaACL _jL-20808 _bR.126485 |
||
| 999 |
_c13490 _d13490 |
||